000 00293nam a2200121Ia 4500
008 240731s9999 xx 000 0 und d
022 _a1938-8101
245 4 _aThe Teacher Educator
260 _bRoutledge
856 _uhttps://www.tandfonline.com/loi/utte20
942 _2ddc
942 _cTFEJ
999 _c80121
_d80121
945 _a1
_bMadushi Gamage
_c1
_dMadushi Gamage